Top 50 Maiores futebolistas pós 2005 (é maiores e não melhores) - Statistics

Estatísticas Gerais
  • Esse quiz foi jogado 658 vezes
    645 desde o último reset
  • A pontuação média é 26 de 50
Estatísticas das Respostas
Hint Resposta % Correto
1 Cristiano Ronaldo
100%
2 Lionel Messi
99%
16 Neymar
95%
5 Andrés Iniesta
82%
4 Xavi
81%
10 Luka Modric
79%
18 Luis Suárez
78%
7 Manuel Neuer
78%
6 Karim Benzema
76%
9 Sergio Ramos
75%
26 Ronaldinho
74%
25 Kaká
72%
12 Marcelo
69%
11 Toni Kroos
68%
3 Robert Lewandowski
67%
8 Casemiro
63%
21 Gianluigi Buffon
63%
14 Arjen Robben
61%
17 Gareth Bale
59%
30 Zlatan Ibrahimovic
57%
39 Daniel Alves
56%
40 Kevin De Bruyne
56%
13 Mohamed Salah
56%
36 Thomas Muller
56%
15 Franck Ribéry
54%
32 Phillipp Lahm
54%
45 Sergio Busquets
51%
23 Iker Casillas
49%
44 Angel Di María
44%
37 Thiago Silva
43%
19 Kun Aguero
42%
33 Steven Gerrard
41%
31 Frank Lampard
40%
22 Didier Drogba
39%
29 Wayne Rooney
38%
24 Thiery Henry
37%
38 Antoine Griezmann
36%
47 Samuel Eto'o
33%
49 Andrea Pirlo
32%
28 Thibaut Courtois
30%
41 Mesut Ozil
28%
42 Xabi Alonso
26%
50 Marco Reus
23%
20 Wesley Sneijder
21%
35 Carlos Tévez
18%
46 Bastian Schweinsteiger
15%
34 Petr Cech
15%
48 Clarence Seedorf
13%
27 Júlio César
13%
43 John Terry
12%
Nenhum quiz correspondente encontrado
Distribuição das Pontuações
Porcentagem de Pessoas com Cada Pontuação
Percentil de Números Respondidos
Sua Pontuação Histórica
Você não jogou esse quiz desde o último reset